Кумуляции электрического поля в диссипативных структурах в газоразрядной плазме; Журнал экспериментальной и теоретической физики; Т. 125, вып. 5

Bibliographic Details
Parent link:Журнал экспериментальной и теоретической физики=ЖЭТФ/ Российская академия наук (РАН) ; Отделение физических наук РАН.— , 1931-.— 0044-4510
Т. 125, вып. 5.— 2004.— с. 1071-1081
Main Author: Высикайло Ф. И.
Language:Russian
Published: 2004
Series:Плазма, газы
Subjects:
Format: Book Chapter
KOHA link:https://koha.lib.tpu.ru/cgi-bin/koha/opac-detail.pl?biblionumber=431709

MARC

LEADER 00000naa2a2200000 4500
001 431709
005 20231101075413.0
035 |a (RuTPU)RU\TPU\prd\91871 
035 |a RU\TPU\prd\30691 
090 |a 431709 
100 |a 20101202a2004 k y0rusy50 ca 
101 0 |a rus 
102 |a RU 
200 1 |a Кумуляции электрического поля в диссипативных структурах в газоразрядной плазме  |f Ф. И. Высикайло 
225 1 |a Плазма, газы 
320 |a Библиогр.: 24 назв. 
461 1 |0 (RuTPU)RU\TPU\prd\1443  |x 0044-4510  |t Журнал экспериментальной и теоретической физики  |l ЖЭТФ  |f Российская академия наук (РАН) ; Отделение физических наук РАН  |d 1931- 
463 1 |0 (RuTPU)RU\TPU\prd\91858  |t Т. 125, вып. 5  |v с. 1071-1081  |d 2004 
610 1 |a газоразрядная плазма 
610 1 |a электрическое поле 
610 1 |a диссипативные структуры 
610 1 |a кумуляция 
610 1 |a структуры Тьюринга 
700 1 |a Высикайло  |b Ф. И. 
801 1 |a RU  |b 63413507  |c 20041206  |g PSBO 
801 2 |a RU  |b 63413507  |c 20101202  |g RCR 
942 |c BK